Visualizzazione normale
Vista MARC
- Alberione,Giacomo
di Personal Name
Records bibliografici associati: 1
001 - CONTROL NUMBER
- control field: 84
003 - CONTROL NUMBER IDENTIFIER
- control field: IT-RoPau
005 - DATE AND TIME OF LATEST TRANSACTION
- control field: 20121218113544.0
008 - FIXED-LENGTH DATA ELEMENTS
- fixed length control field: 121218|| aca||aabn | a|a d
040 ## - CATALOGING SOURCE
- Original cataloging agency: IT-RoPau
- Transcribing agency: IT-RoPau
100 ## - HEADING--PERSONAL NAME
- Personal name: Alberione,Giacomo
- Fuller form of name: Fondatore Famiglia Paolina
670 ## - SOURCE DATA FOUND
- Source citation: Work cat.: (IT-RoPau): Alberione,Giacomo Fondatore Famiglia Paolina, TESTIMONIANZA di don Giacomo Alberione A MARIA MADRE DI DIO, 1973